LEADER 01130cam a2200265 a 4500 001 000000107778 003 CaOOAMICUS 005 20071022123755.0 008 071022s2007 it z000 u ita d 020 $z978-88-72570-72-8* 040 $aANT$bita$dms$dPUL$dLDB 100 1 $aBattaglia, Vincenzo,$d1950-$0(OLS)http://pul/name/39770 245 10$aGesł Cristo luce del mondo :$bmanuale di cristologia /$cVincenzo Battaglia. 260 $aRoma :$bAntonianum,$c2007. 300 $a481 p. ;$c23 cm. 490 1 $aBibliotheca.$aManualia ;$v004 504 $aBibliografia in nota. 650 4$aCristologia$xManuali.$0(OLS)http://pul/subject/33613 830 0$aBibliotheca.$pManualia ;$v004.$0(OLS)http://pul/title/135708 850 $aPUL 852 $aPUL$W1$xSL Religione 3$y85$m232 BATVI 1$j122572$qDDC 21$B121554$CPULBib$Z2$F121554 $H105151 $82 941 1 $a9 996 $6020$z978-88-72570-72-8*$9(OLS)http://pul/number/136010 996 $6245$aGesł Cristo luce del mondo :$bmanuale di cristologia$9(OLS)http://pul/title/135707 996 $6260$aRoma :$bAntonianum$9(OLS)http://pul/publisher/57258 LEADER 01032nam a2200241 u 4500 001 000000058298 003 CaOOAMICUS 005 20070226120657.0 008 010531q1961 it u000 u ita u 035 $a10891034 040 $aPUL(R)$bita 100 1 $aFlick, Maurizio,$cS.I.,$d1909-$0(OLS)http://pul/name/2925 245 13$aIl dogma del peccato originale nella teologia contemporanea /$cMaurizio Flick. 260 $aMilano :$bMarzorati,$c1961?. 300 $aP. [89]-122 ;$c25 cm 500 $aEstratto da: Problemi e orientamenti di Teologia dommatica, v. II. 504 $aNote bibliografiche. 650 4$aPeccato originale.$0(OLS)http://pul/subject/1571 850 $aPUL 852 $aPUL$W1$xDP1 Altre Collocazioni$y17$mSenza collocazione$j12$nBK-PRI$b $qStampati$B76164$CPULBib$Z2$F76164 $H $81 941 1 $a8 996 $6245$aIl dogma del peccato originale nella teologia contemporanea$9(OLS)http://pul/title/78083 996 $6260$aMilano :$bMarzorati$9(OLS)http://pul/publisher/49236